| 000 | 01039nac a22003011u 4500 | ||
|---|---|---|---|
| 003 | EG-ScBUE | ||
| 005 | 20220828112858.0 | ||
| 008 | 200219s1962 enka f b 001 0 eng d | ||
| 035 | _a(OCoLC)16730660 | ||
| 040 |
_aEG-ScBUE _beng _erda _cEG-ScBUE _dEG-ScBUE |
||
| 082 | 0 | 4 |
_a709 _bHAU _222 |
| 100 | 1 |
_aHauser, Arnold, _d1892-1978, _eauthor. |
|
| 245 | 1 | 4 |
_aThe social history of art / _cArnold Hauser. |
| 264 | 1 |
_aLondon : _bRoutledge and Kegan Paul, _c1962. |
|
| 300 |
_a2 volumes : _billustrations ; _c25 cm |
||
| 336 |
_2rdacontent _atext _btxt |
||
| 337 |
_2rdamedia _aunmediated _bn |
||
| 338 |
_2rdacarrier _avolume _bnc |
||
| 504 | _aIncludes bibliographical references and index. | ||
| 505 | 0 | _aVolume one. From prehistoric times to the middle ages -- Volume three. Rococo, classicism and romanticism. | |
| 650 | 7 |
_aArt and society. _2BUEsh |
|
| 650 | 7 |
_aArt _xHistory. _2BUEsh |
|
| 651 | _2BUEsh | ||
| 653 | _bART | ||
| 655 |
_vReading book _934232 |
||
| 942 |
_cBB _k709H3762 _2ddc |
||
| 999 |
_c1787 _d1787 |
||